Meilleur passeur nba par saison - Statistiques

Statistiques générales
  • Ce quiz a été pris 306 fois
    81 depuis la dernière actualisation
  • Le résultat moyen est 38 sur 79
Statistiques - réponses
Réponse % Correct
Chris Paul
86%
Chris Paul
86%
Chris Paul
86%
Chris Paul
86%
Chris Paul
86%
John Stockton
82%
John Stockton
82%
John Stockton
82%
John Stockton
82%
John Stockton
82%
John Stockton
82%
John Stockton
82%
John Stockton
82%
John Stockton
82%
Trae Young
78%
Jerry West
77%
Steve Nash
77%
Steve Nash
77%
Steve Nash
77%
Steve Nash
77%
Steve Nash
77%
Lebron James
75%
Russell Westbrook
75%
Russell Westbrook
75%
Russell Westbrook
75%
James Harden
72%
James Harden
72%
Jason Kidd
72%
Jason Kidd
72%
Jason Kidd
72%
Jason Kidd
72%
Jason Kidd
72%
Magic Johnson
65%
Magic Johnson
65%
Magic Johnson
65%
Magic Johnson
65%
Tyrese Haliburton
65%
Oscar Robertson
49%
Oscar Robertson
49%
Oscar Robertson
49%
Oscar Robertson
49%
Oscar Robertson
49%
Oscar Robertson
49%
Bob Cousy
48%
Bob Cousy
48%
Bob Cousy
48%
Bob Cousy
48%
Bob Cousy
48%
Bob Cousy
48%
Bob Cousy
48%
Bob Cousy
48%
Isiah Thomas
43%
Wilt Chamberlain
34%
Rajon Rondo
29%
Rajon Rondo
29%
Rajon Rondo
29%
Mark Jackson
17%
Andre Miller
15%
Nate Archibald
12%
Kevin Porter
9%
Kevin Porter
9%
Kevin Porter
9%
Kevin Porter
9%
Lenny Wilkens
8%
Ron Strickland
8%
Johnny Moore
5%
Bob Davies
3%
Michael Ray Richardson
3%
Andy Phillip
2%
Andy Phillip
2%
Andy Phillip
2%
Don Buse
2%
Ernie Calverley
2%
Ernie Calverley
2%
Ernie DiGregorio
2%
Guy Rodgers
2%
Guy Rodgers
2%
Norm Van Lier
2%
Slick Watts
2%
Aucun quiz correspondant
Distribution des résultats
% des personnes avec chaque résultat
Percentile par nombre de réponses
Votre historique - résultats
Vous n’avez pas pris ce quiz depuis la dernière actualisation